Das SENDEN-Quiz - Statistiken

Allgemein
  • Dieses Quiz wurde 7 mal gespielt
  • Das Durchschnittsergebnis liegt bei 11 aus 15
Antwortstatistiken
Fragen über Senden Antwort % Korrekt
Zu welcher Supermarktkette gehört Tinz? Edeka
100%
Wie viele Kanalbrücken hat Senden? 3
80%
Wie heißt die Autobahn, die an Senden vorbei geht? A43
80%
Wie heißt der Kanal, der durch Senden fließt? Dortmund Ems Kanal
80%
Hat Senden ein Schloss? Ja
80%
Wie heißt der Park, in der sich relativ in der Mitte von Senden befindet? Königspark|Bürgerpark
80%
Was befindet sich direkt neben dem Rathaus (andere Behörde)? Polizei
80%
Wie heißt die Buslinie (Bbf), die nach Münster fährt? S90
80%
In welcher Straße befinden sich die meisten Hochhäuser? Schulze Bremer
80%
Wie heißt der Bahnhof von Senden? Senden-Bösensell
80%
Wie heißt die Eisdiele neben Dapino? Venezia
80%
In welchen Ortsteil befindet sich das Moor von Senden? Venne
80%
Wie heißt die Hauptschule in Senden? Edith Stein Hauptschule
60%
Wie heißt der alte Kanal in Senden? Toter Arm|Alte Fahrt
60%
Wo ist die Quelle der Stever? Baumberge
40%
Keine übereinstimmenden Quizze gefunden
Verteilung der Resultate
Anzahl Personen mit jedem Resultat
Perzentil nach korrekt beantworteten Fragen
Ihre Resultats-Entwicklung
Sie haben dieses Quiz noch nicht gespielt